000 00742cab a2200265 4500
001 X1153
008 090401t1993 xxu||||| |||| 00| 0 eng d
035 _a(Sirsi) u15021
041 _aeng
100 _aJackson, P.
245 _aAmbiguity resolution on the fly for high-accuracy kinematic GPS surveying
260 _c1993
350 _a0
490 _aGeodetical Info Magazine
_v7(11) November 1993, 33-37(3)
650 _aAMBIGUITY RESOLUTION ON THE FLY
650 _aAROF
650 _aGDOP
650 _aGLOBAL POSITIONING SYSTEMS
650 _aGPS
650 _aKINEMATIC MEASUREMENTS
690 _aMANAGEMENT-BUSINESS MANAGEMENT-INFORMATION MANAGEMENT
690 _aLAND SURVEYING
942 _n0
948 _c04/03/1997
999 _c9807
_d9807